00585nam a2200169Ia 4500008004100000020001800041041000800059082001700067100002700084245007100111260004000182300001600222440000700238650002000245999001900265952013100284210716s2008 xx 000 0 und d a9788127244019 aeng a657.046 JAIS aJain, S P;Narang, K L. aAdvanced accountancy: corporate accounting.bcorporate accounting. aNew DelhibKalyani Publishersc2008 aII-1230,118 vII aAccounting(657) c202644d202644 00102ddc40738MBAaAIMITbAIMITd2008-09-25g395.00l0o657.046 JAISpMBA05210r2025-07-21 00:00:00v316.00w2021-07-16yBK